[Event "Caplin British Online-ch Open 2020"]
[Site "Online"]
[Date "2020.12.21"]
[Round "1.13"]
[White "Arora, Tashika"]
[Black "Toma, Katarzyna"]
[Result "0-1"]
[WhiteElo "1744"]
[BlackElo "2289"]
[Annotator "TA"]
[PlyCount "116"]
[EventDate "2020.12.21"]
[EventType "swiss"]
[EventCountry "NET"]
[SourceTitle "playchess.com"]
[Source "ChessBase"]
[SourceQuality "1"]

{[%evp 9,115,21,20,17,14,12,26,10,48,-6,-6,-6,0,-1,31,31,19,1,5,0,0,0,18,4,27,8,8,12,9,-76,-52,-121,-129,-130,-129,-161,-166,-252,-259,-321,-322,-308,-300,-304,-305,-358,-318,-325,-295,-290,-260,-327,-180,-435,-431,-464,-457,-505,-466,-447,-441,-508,-503,-534,-509,-579,-567,-640,-648,-629,-628,-649,-642,-880,-838,-1101,-1102,-1242,-1241,-1200,-1179,-1746,-1620,-6921,-5920,-29965,-6656,-29987,-29988,-29988,-29989,-29992,-29993,-29993,-29994,-29995,-29996,-29996,-29995,-29995,-29996,-29997,-29998,-29998,-29998,-29998,-29999,-29999]} 1. d4 Nf6 2. c4 g6 3. Nc3 d5 4. Nf3 Bg7 5. h4 c6 6. cxd5 {D90: Grünfeld: 4 Nf3 Bg7 sidelines.} cxd5 7. Bf4 Nc6 8. e3 {White has an edge.} Bg4 9. Be2 (9. Qb3 $14) 9... O-O $11 10. O-O Rc8 11. Rc1 {[#]} a6 $146 ({Predecessor:} 11... e6 12. Ng5 Bxe2 13. Qxe2 a6 14. Na4 h6 15. Nf3 Ne4 16. Nc5 Qe7 17. Nxe4 dxe4 {½-½ (31) Podvoysky,E (2378)-Carolei,A (2395) ICCF email 2014}) 12. Na4 Ne4 13. Nc5 Qb6 14. Qb3 Qxb3 15. Nxb3 Bf6 16. Rfe1 e6 17. Ng5 Bxe2 18. Rxe2 Nb4 19. Nxe4 (19. Rd1 $1 $11) 19... dxe4 20. Bg3 {Black keeps a firm grip on the game.} ({Better is} 20. Rd1 $15) 20... Rxc1+ $17 (20... Nxa2 21. Ra1 $14) 21. Nxc1 Rc8 22. Re1 {[#]} Rc2 $1 23. Rd1 (23. Bd6 $142 Rxb2 24. g3) 23... Rxb2 $19 24. Nb3 Nxa2 ({Not} 24... Rxa2 25. Nc5 $17) 25. Nc5 Nc3 26. Ra1 Be7 27. Kf1 Bxc5 28. dxc5 {[%mdl 4096] Endgame KRB-KRN} Rc2 29. Bd6 f5 30. g3 Kf7 (30... Nb5 $142 31. Rd1 Kf7) 31. Ke1 $2 {[#]} (31. c6 bxc6 32. Rxa6) 31... Nb5 32. Rd1 Ke8 33. Kf1 Nc3 34. Rd4 Nd5 35. Rd1 {If White can now play Rb1 this consolidates a bit.} Kd7 36. Bf8 Kc6 37. Rb1 Ra2 38. Ke1 a5 39. Bg7 a4 40. Bd4 Rc2 41. Kf1 a3 42. Ra1 a2 43. Ke1 e5 44. Bxe5 Kxc5 45. Bd4+ Kc4 46. Rd1 Nc3 47. Ra1 b5 48. Be5 b4 {Black mates.} 49. Bxc3 Kxc3 {KR-KR} 50. Rd1 b3 51. Kf1 b2 52. Rd8 b1=Q+ 53. Kg2 a1=Q {[%csl Ga1][%cal Rb1h1]} 54. Rc8+ Kd2 {[%csl Ga1][%cal Rb1h1]} 55. Rxc2+ Kxc2 {[%csl Ga1][%cal Rb1h1]} 56. g4 Qh1+ 57. Kg3 Qf3+ 58. Kh2 Qah1# {Weighted Error Value: White=0.40/Black=0.12} 0-1

[Event "Caplin British Online-ch Open 2020"]
[Site "Online"]
[Date "2020.12.21"]
[Round "1.14"]
[White "Tanmay Chopra"]
[Black "Idle, Oscar"]
[Result "1-0"]
[WhiteElo "2273"]
[BlackElo "1722"]
[Annotator "TA"]
[PlyCount "61"]
[EventDate "2020.12.21"]
[EventType "swiss"]
[EventCountry "NET"]
[SourceTitle "playchess.com"]
[Source "ChessBase"]
[SourceQuality "1"]

{[%evp 15,61,0,14,-28,-32,-24,0,-17,31,33,25,33,82,74,84,41,81,68,72,54,84,24,56,33,104,103,97,67,77,78,152,29,155,158,421,437,402,327,636,650,656,649,2099,2186,1968,1934,29996,29997]} 1. d4 d5 2. c4 c6 3. Nc3 Nf6 4. e3 e6 5. Nf3 Nbd7 6. b3 Bb4 7. Bd2 O-O 8. Bd3 Qe7 9. cxd5 {D45: Semi-Slav: 5 e3.} exd5 10. O-O Re8 11. Qc2 {[#] The position is equal.} Bxc3 $146 ({Predecessor:} 11... Bd6 12. Rfe1 Ne4 13. a3 g5 14. h3 f5 15. Bxe4 dxe4 16. Nh2 Nf6 17. b4 a6 {0-1 (40) Gursu,A (1297)-Temizer,U (1927) Antalya 2020}) 12. Bxc3 Ne4 13. Bb2 Ndf6 14. Ne5 a5 15. a3 Be6 16. Rae1 Nd6 17. f3 h6 18. e4 (18. a4 $16) 18... a4 19. b4 dxe4 (19... Nh5 $14) 20. fxe4 $16 Bb3 21. Qc1 Rac8 22. Qf4 Nd7 {[#]} (22... Qd8 $142) 23. Nf3 (23. Ng4 $1 $16 Bc4 24. Rf3) 23... Nc4 {[#]} (23... Bc4 $11 24. Ne5 Bxd3 25. Nxd3 Nc4) 24. Bc1 $1 b6 $2 {This move loses the game for Black.} (24... Qf6 $16 {was worth a try.}) 25. e5 $18 Nf8 26. Qg3 {Strongly threatening Nh4.} Kh8 $2 (26... Qd7 27. Bxh6 Ng6 28. Bxg6 fxg6 29. Qxg6 Re6) 27. Re4 Ng6 28. Nh4 Rcd8 29. Nxg6+ fxg6 30. Qxg6 {White wants to mate with Rg4.} Rf8 31. Ref4 {[%csl Gd3][%cal Rg6h7] Weighted Error Value: White=0.20/Black=0.87} 1-0

[Event "Caplin British Online-ch Open 2020"]
[Site "Online"]
[Date "2020.12.21"]
[Round "1.15"]
[White "Volovich, Julia"]
[Black "Toczek, Grzegorz"]
[Result "0-1"]
[WhiteElo "1674"]
[BlackElo "2271"]
[Annotator "TA"]
[PlyCount "72"]
[EventDate "2020.12.21"]
[EventType "swiss"]
[EventCountry "NET"]
[SourceTitle "playchess.com"]
[Source "ChessBase"]
[SourceQuality "1"]

{[%evp 9,72,22,44,-10,22,-39,0,-31,4,0,26,31,29,39,51,-8,-12,-53,-53,-70,-77,-83,-43,-43,-4,-60,45,0,-2,-29,19,28,33,37,109,0,-3,0,17,0,39,48,56,7,28,0,32,31,49,10,30,24,45,0,0,0,0,0,41,-424,-428,-409,-395,-836,-827]} 1. d4 Nf6 2. c4 d6 3. Nf3 g6 4. Nc3 Bf5 5. Bg5 Bg7 {[#]} 6. Qc1 $146 {E61: King's Indian: Early deviations for White, including Smyslov System.} (6. e3 $14) ({Predecessor:} 6. e3 O-O 7. Bd3 Bxd3 8. Qxd3 Nbd7 9. O-O h6 10. Bh4 Re8 11. Rfd1 c6 12. Rac1 Qa5 13. a3 Qh5 14. b4 e5 15. dxe5 dxe5 16. Bxf6 Nxf6 {1-0 (33) Akobian,V (2625)-Idani,P (2568) chess24.com INT 2019}) 6... h6 7. Bd2 (7. Bxf6 $11 Bxf6 8. e3) 7... Na6 (7... e5 $5) 8. a3 {The position is equal.} c5 (8... e5 $5) 9. d5 Rb8 10. Nh4 Bd7 11. e4 Nc7 12. Rb1 (12. Nf3 $14) 12... e6 $11 13. Nf3 exd5 $1 14. exd5 Bf5 15. Ra1 g5 16. Be2 O-O (16... b5 $5) 17. O-O (17. h4 $11 g4 18. Nh2) 17... a6 ({Black should play} 17... Re8 $15) 18. a4 Re8 {With the idea ...Nfxd5!} 19. a5 Nh7 {And now ...Bxc3 would win.} (19... Nfxd5 $5 20. cxd5 Bxc3 21. bxc3 Rxe2 $15) 20. Qd1 Qf6 21. Ne1 Qg6 (21... Qe7 $14 22. Bd3 Bxd3 23. Nxd3 Qf6) 22. Bg4 (22. g4 $16 Bd7 23. Bd3) 22... Bxg4 23. Qxg4 Re7 24. Qd1 b5 25. axb6 $1 Rxb6 26. Na4 Rb7 27. Rb1 Qe4 28. b3 Ne8 29. Nc2 Be5 30. Bc3 Qh4 {[%csl Ge5][%cal Rh4h2]} 31. g3 Qh3 32. Bxe5 Rxe5 33. Re1 Rbe7 34. Qd2 $2 {[%mdl 8192] [#]} (34. Rxe5 $14 {keeps the upper hand.} Rxe5 35. f3) 34... g4 $1 $19 35. Rxe5 Rxe5 36. Re1 $2 {[#]} (36. f4 gxf3 37. Re1) 36... Ng5 $1 {[%cal Rg5f3] Weighted Error Value: White=0.63/Black=0.21} 0-1

[Event "Caplin British Online-ch Open 2020"]
[Site "Online"]
[Date "2020.12.21"]
[Round "1.16"]
[White "Blackburn, Jonathan L B"]
[Black "Shearsby, Jude"]
[Result "1-0"]
[WhiteElo "2235"]
[BlackElo "1673"]
[Annotator "TA"]
[PlyCount "81"]
[EventDate "2020.12.21"]
[EventType "swiss"]
[EventCountry "NET"]
[SourceTitle "playchess.com"]
[Source "ChessBase"]
[SourceQuality "1"]

{[%evp 12,81,49,30,54,19,54,41,61,37,22,30,53,50,55,15,21,14,32,25,81,73,70,65,131,146,224,208,262,277,258,255,360,359,372,333,314,303,843,844,989,966,1647,1578,2070,1989,1896,1726,1664,1656,1710,1611,2414,1783,1916,1895,1980,1799,5419,3859,5614,5606,29993,29993,29993,29990,29990,29991,29991,29989,29989,29990]} 1. d4 Nc6 2. Nf3 d6 3. g3 Nf6 4. Bg2 g6 5. O-O Bg7 6. c4 O-O 7. d5 Nb8 {E60: King's Indian: Unusual lines and Fianchetto Variation without Nc3.} 8. Nd4 Nbd7 9. b3 a5 {White is slightly better.} 10. Bb2 Nc5 11. Nc3 e5 {[#]} 12. dxe6 $146 ({Predecessor:} 12. Ndb5 Bf5 13. a3 h5 14. Re1 h4 15. b4 Nce4 16. Nxe4 Nxe4 17. Nc3 Ng5 18. e4 {0-1 (33) Santos,J (2345)-Padeiro,J Porto 1998}) 12... fxe6 13. a3 e5 14. Ndb5 Ne8 {Hoping for ...c6.} 15. b4 Na6 (15... Ne6 $11 {remains equal.}) 16. c5 $16 ({Much weaker is} 16. bxa5 c6 $15) 16... Kh8 17. Qd2 Qe7 {Black is now going downhill.} (17... Nf6 $1 $14) 18. cxd6 cxd6 (18... Qd7 $16 19. bxa5 Nc5) 19. Nd5 $18 Qe6 20. Nb6 ({Don't do} 20. bxa5 $6 Bd7 $16) 20... Rb8 21. bxa5 Nc5 (21... Bd7 {was necessary.}) 22. Rad1 Rf6 23. Qb4 g5 24. Qc4 Qf5 $2 {[#]} (24... Qxc4 25. Nxc4 Bg4) 25. Nxd6 $1 {[%mdl 576] Remove Defender, Decoy} Nxd6 (25... Rxd6 26. Rxd6) 26. Qxc5 {[%mdl 64] Double Attack} Nf7 27. Qc7 Rxb6 28. axb6 Ra8 29. Bxb7 Bxb7 30. Qxb7 Rf8 31. Qc7 Qh3 32. Qd7 Qh6 33. b7 Kg8 34. Qc7 g4 35. Rd7 {White threatens Rxf7! and mate.} Ng5 {[#]} 36. Rxg7+ $1 Kh8 (36... Qxg7 37. b8=Q) 37. Rxg5 {White mates.} Qxg5 38. Qxe5+ Qxe5 39. Bxe5+ Kg8 40. b8=Q Rxb8 41. Bxb8 {Weighted Error Value: White=0.12/Black=0.40} 1-0

[Event "Caplin British Online-ch Open 2020"]
[Site "Online"]
[Date "2020.12.21"]
[Round "1.17"]
[White "Oh, Julie"]
[Black "Shafi, Declan"]
[Result "0-1"]
[WhiteElo "1168"]
[BlackElo "2166"]
[Annotator "TA"]
[PlyCount "118"]
[EventDate "2020.12.21"]
[EventType "swiss"]
[EventCountry "NET"]
[SourceTitle "playchess.com"]
[Source "ChessBase"]
[SourceQuality "1"]

{[%evp 15,117,0,9,-18,-13,-29,-25,-35,-27,-56,-58,-58,0,-18,0,0,0,0,94,104,93,72,75,50,47,6,13,6,6,6,6,0,0,0,0,-19,-10,-26,-19,-19,-19,-81,-87,-95,-95,-102,-17,-117,-117,-115,-126,-297,-200,-297,-81,-297,-50,-297,-316,-395,-72,-475,-445,-1316,-1320,-975,-946,-793,-395,-395,-395,-29980,-29981,-29981,-29982,-29982,-29983,-29983,-29984,-29984,-29985,-29985,-29986,-29986,-29986,-29986,-29987,-29987,-29988,-29988,-29989,-29989,-29989,-29989,-29989,-29991,-29992,-29996,-29997,-29997,-29998,-29998,-29999,-29999]} 1. e4 e6 2. Nc3 d5 3. d4 Bb4 4. e5 c5 5. a3 Bxc3+ 6. bxc3 Qa5 7. Bd2 Qa4 8. Nf3 Ne7 9. Bd3 {C19: French: 3 Nc3 Bb4: Main line: 7 Nf3 and 7 a4.} b6 10. O-O Ba6 11. Bxa6 {Black has an edge.} Qxa6 {[#]} 12. Qe1 $146 ({Predecessor:} 12. dxc5 bxc5 13. Be3 Nd7 14. Qd3 c4 15. Qd4 O-O 16. Ng5 Nf5 17. Qf4 Rab8 18. Ra2 Nxe3 19. Qxe3 {0-1 (60) Brunkow,A (1416)-Thomae,E (1839) GER email 2010}) 12... Nbc6 13. Be3 c4 (13... cxd4 $15 14. cxd4 O-O) 14. Nh4 O-O-O 15. a4 Rdg8 16. f4 Nf5 (16... g6 $11) 17. Nxf5 $16 exf5 18. Qb1 Qa5 19. Qb5 Kc7 20. Qxa5 (20. Qb2 {keeps more tension.} Re8 21. Rfb1 Re6 22. Qc1 a6 23. Bf2) 20... Nxa5 21. Rab1 Kd7 22. Bc1 Ke6 23. Ba3 h6 24. Bb4 {With the idea Bxa5.} Nc6 25. Kh1 g5 26. Rbe1 Rg6 27. Ba3 Rhg8 28. g3 (28. Kg1 $11) 28... g4 $1 $17 29. Kg2 h5 30. Rh1 Rh6 ({Better is} 30... h4 $17) 31. Bd6 (31. h4 $1 $11 {remains equal.}) 31... h4 {White is on the road to losing.} 32. Bb4 Rgh8 33. Rb1 $2 (33. Bd6 $17) 33... Kd7 34. Bd6 (34. h3 {keeps fighting.} hxg3 35. hxg4) 34... Kc8 $2 (34... hxg3 $19 {has better winning chances.} 35. hxg3 Rxh1 36. Rxh1 Rxh1 37. Kxh1 a5) 35. Rbe1 $2 {[#]} (35. h3 $17 {was the only defense.}) 35... Kb7 $2 (35... hxg3 $1 $19 36. hxg3 Rxh1 37. Rxh1 Rxh1 38. Kxh1 a5) 36. Bb4 $2 (36. h3 $1 $15) 36... a5 37. Bd6 {intending h3.} Ka6 $2 (37... hxg3 $19 {and Black stays clearly on top.} 38. hxg3 Rxh1 39. Rxh1 Rxh1 40. Kxh1 b5) 38. Rb1 $2 {[%mdl 8192] [#]} (38. h3 $17 Rg6 39. Re3) 38... hxg3 $1 $19 {[%cal Rh6h2]} 39. hxg3 (39. Bc7 $142 gxh2 40. Bxb6) 39... Rxh1 40. Rxh1 Rxh1 41. Kxh1 {[%mdl 4096] Endgame KB-KN} Na7 (41... b5 $142 42. axb5+ Kxb5) 42. Kg1 b5 43. axb5+ (43. Kf1 $19) 43... Nxb5 {Black mates.} 44. Kf2 a4 45. Ke1 a3 46. Bxa3 Nxa3 {KN-KP} 47. Kd2 Nb5 48. Ke2 Nxc3+ 49. Ke3 Ne4 50. Ke2 Nxg3+ 51. Kf2 Ne4+ 52. Kg2 Kb5 53. Kf1 c3 54. Ke2 Kc4 55. Ke3 g3 56. e6 g2 57. exf7 g1=Q+ 58. Ke2 Qf2+ {[%mdl 64] Double Attack} 59. Kd1 Qd2# {Weighted Error Value: White=0.58/Black=0.56} 0-1

[Event "Caplin British Online-ch Open 2020"]
[Site "Online"]
[Date "2020.12.22"]
[Round "2.1"]
[White "Adams, Michael"]
[Black "Claridge-Hansen, William"]
[Result "1-0"]
[WhiteElo "2716"]
[BlackElo "2290"]
[Annotator "TA"]
[PlyCount "143"]
[EventDate "2020.12.21"]
[EventType "swiss"]
[EventCountry "NET"]
[SourceTitle "playchess.com"]
[Source "ChessBase"]
[SourceQuality "1"]

{[%evp 22,143,19,14,16,0,0,0,0,0,11,16,14,0,0,0,0,-5,9,23,19,18,21,21,25,17,47,18,56,6,81,81,88,83,106,35,37,37,37,39,48,45,38,18,36,18,19,12,12,4,4,6,11,12,19,0,0,0,0,0,0,0,33,16,16,16,25,4,5,4,14,10,9,11,25,24,59,70,134,139,164,156,393,1015,1365,2225,4103,2763,1332,1147,2376,5072,5425,2513,5065,3975,3228,812,1300,3760,1278,994,947,889,866,844,29982,29983,29983,29984,29984,29985,29985,29986,29986,29985,29985,29986,29987,29986,29986,29987,29989,29990]} 1. e4 c5 2. Nf3 e6 3. d4 cxd4 4. Nxd4 Nf6 5. Nc3 Nc6 6. Nxc6 bxc6 7. e5 Nd5 8. Ne4 Qc7 9. f4 Qb6 10. c4 Bb4+ 11. Ke2 f5 12. exf6 Nxf6 {[#] B45: Sicilian Four Knights.} 13. Be3 $1 Qd8 14. Nd6+ Bxd6 {The position is equal.} 15. Qxd6 Bb7 16. Kd1 c5 17. Bd3 $5 {[%mdl 4] Exploring less charted territory.} ({Much weaker is} 17. Bxc5 Ne4 $15) 17... Rc8 18. Bxc5 Be4 {aiming for ...Bxd3.} 19. Ba3 {[#]} Bxd3 $146 (19... Rc6 $5 {[%cal Rc6d6]} 20. Qd4 {[%mdl 64] Double Attack} Bxd3 21. Qxd3 Qc7 $15) ({Predecessor:} 19... Rc6 20. Qd4 Bxd3 21. Qxd3 Qc7 22. Rc1 d5 23. Qd4 dxc4 24. Kc2 Kf7 25. Rhd1 Rc8 26. Kb1 c3 27. bxc3 Rc4 28. Qd6 Rxf4 29. Rc2 {½-½ (29) Cornette,M (2594)-Navrotescu,C (2358) Cappelle-la-Grande 2016}) 20. Qxd3 Qc7 21. Rc1 Qxf4 22. Rf1 Qg4+ 23. Qe2 Qxe2+ 24. Kxe2 Kf7 25. b4 d5 (25... e5 $11) 26. cxd5 $16 exd5 27. Kd3 Ke6 28. Bb2 (28. b5 $16) 28... Rxc1 $14 29. Rxc1 {[%mdl 4096] Endgame KRB-KRN} Rb8 30. Rc6+ Kd7 31. Ra6 Rxb4 32. Rxa7+ Ke6 33. Bd4 (33. Re7+ {with more complications.} Kf5 34. Bd4 Kg6 35. Rc7 Nh5 36. Ke3) 33... Nd7 34. a3 Rc4 35. Ke3 Rc2 36. Ra6+ Kf7 37. Kf3 Rd2 38. Be3 Ra2 39. h3 Ne5+ 40. Kg3 Nc4 41. Bc5 d4 {White must now prevent ...d3.} 42. Ra4 (42. Ra7+ {looks sharper.} Kg6 43. Ra4 Ne3 44. Kf3 Nxg2 45. Bxd4 Ne1+ 46. Ke4) 42... Ne3 43. Kf3 Nxg2 44. Rxd4 g5 45. Kg4 {next Rd7+ is good for White.} Nf4 46. Kf5 Rc2 47. Bb4 Rc7 48. Rd6 Kg7 49. h4 Rf7+ (49... h6 $14) 50. Kxg5 $16 Nh3+ 51. Kh5 Nf2 $2 {This move loses the game for Black.} (51... Nf4+ $16 {might work better.} 52. Kg4 Ng6) 52. Bc3+ $18 Kf8 53. Rf6 Ne4 54. Rxf7+ Kxf7 {KB-KN} 55. Be1 Nc5 56. Kh6 (56. Bb4 $142 Na4 57. Kh6) 56... Kg8 57. Bf2 Ne4 58. Bg1 Nc3 59. Bd4 (59. a4 $142 Nd5 60. a5) 59... Ne2 60. Be5 Ng1 61. a4 {[%cal Ba3a4,Ba4a5,Ba5a6,Ba6a7][%mdl 32]} Nf3 62. Bf6 Kf7 {[#]} 63. a5 $1 {Bc3 is the strong threat.} Nh2 (63... Kxf6 64. a6) 64. Bc3 {White mates.} Ng4+ 65. Kxh7 Ne3 66. a6 Nd5 {[#]} 67. a7 $1 Nc7 (67... Nb6 68. h5) 68. Be5 Na8 69. h5 Nb6 70. Bd4 Na8 71. Kh6 Ke6 72. Kg6 {Weighted Error Value: White=0.08/Black=0.16} 1-0

[Event "Caplin British Online-ch Open 2020"]
[Site "Online"]
[Date "2020.12.22"]
[Round "2.2"]
[White "Toma, Katarzyna"]
[Black "Turner, Matthew J"]
[Result "0-1"]
[WhiteElo "2289"]
[BlackElo "2509"]
[Annotator "TA"]
[PlyCount "116"]
[EventDate "2020.12.21"]
[EventType "swiss"]
[EventCountry "NET"]
[SourceTitle "playchess.com"]
[Source "ChessBase"]
[SourceQuality "1"]

{[%evp 9,116,-5,0,0,0,0,-2,-5,0,-10,-12,-14,-11,-25,-29,-31,4,16,18,5,20,7,12,22,28,36,39,16,21,8,29,0,56,54,58,14,5,0,4,0,31,32,20,0,0,-6,-8,-8,-22,-31,0,0,0,-6,62,44,30,22,47,-44,0,-61,-61,-61,-61,-62,-62,-77,-54,-55,-9,-35,-41,-30,-22,-9,-20,-47,-57,-52,0,-52,-49,-474,-500,-467,-6,-500,-468,-430,0,0,0,-503,-503,-488,-495,-486,-488,-467,-436,-456,-445,-433,-430,-4690,-518,-478,-414]} 1. e4 e5 2. Nf3 Nc6 3. Bb5 a6 4. Ba4 Nf6 5. Qe2 Bd6 (5... b5 $5 6. Bb3 $8 Be7 $11) 6. c3 {C77: Ruy Lopez: 3...a6 4 Ba4 Nf6, unusual lines.} O-O 7. d3 Re8 8. Nbd2 {The position is equal.} Bf8 9. Nf1 b5 10. Bb3 Na5 11. Bc2 d5 12. Ng3 Nc6 13. O-O h6 14. h3 Be6 15. Rd1 d4 {[#]} 16. Bb3 $146 ({Predecessor:} 16. Nh2 dxc3 17. bxc3 b4 18. Bb2 bxc3 19. Bxc3 Bb4 20. Bxb4 Nxb4 21. Ba4 Bd7 22. Bxd7 Qxd7 {1-0 (82) Craciun,P (2192)-Petkov,V (2520) Sunny Beach 2007}) 16... g6 17. Bxe6 Rxe6 18. a3 dxc3 19. bxc3 Qe8 20. Be3 Rd8 (20... Na5 $11) 21. Qc2 $14 Nd7 22. d4 {Hoping for d5.} Na5 $1 23. d5 Rd6 24. Nd2 Nb6 25. a4 {axb5 is the strong threat.} Nbc4 26. Bc5 Rf6 27. Bb4 Nxd2 $1 28. Rxd2 Nc4 29. Rdd1 Bxb4 30. cxb4 Qe7 31. Qc3 Qd6 (31... c6 $11) 32. axb5 axb5 33. Ra2 Qb6 34. Rda1 (34. Nf1 $14) 34... Kg7 35. Nf1 (35. h4 $11) 35... c6 $15 36. dxc6 Qxc6 37. f3 Rfd6 38. Qe1 Qb6+ 39. Kh2 R8d7 40. h4 Qd8 41. Ra8 Qf6 42. Rb8 Qf4+ 43. Kh3 g5 {Threatens to win with ...Rd1!} 44. Nh2 {[#]} Rd2 (44... Rd1 $1 $15 45. Rxd1 Rxd1) 45. Qg3 ({White should try} 45. Raa8 $11 Ne3 46. Rg8+ (46. g3 $2 Rxh2+ {[%mdl 64] Remove Defender} 47. Kxh2 Qxf3 $19) 46... Kf6 47. g3 Rxh2+ {[%mdl 64] Remove Defender} 48. Kxh2 Qxf3 49. Ra2) 45... Ne3 $1 $40 {[%mdl 128] Black has some attack.} 46. Raa8 $2 {[%mdl 8192]} ({White should play} 46. Qxf4 $15 exf4 47. Rg1) 46... Qxg3+ $19 47. Kxg3 Rxg2+ 48. Kh3 Rdd2 $1 49. Rg8+ Kf6 $2 (49... Kh7 $19 50. Rh8+ Kg6) 50. Ra6+ Ke7 51. Ra7+ $2 {[%mdl 8192] [#]} (51. Ng4 $11 {and White stays safe.} Nxg4 52. Ra7+ Kd6 53. Rb8 Rh2+ 54. Kxg4 Rxh4+ 55. Kg3) 51... Ke6 $1 {Black is clearly winning.} 52. Re8+ Kf6 53. hxg5+ hxg5 54. Ng4+ Nxg4 55. fxg4 {[#]} Rge2 $1 {[%cal Re2e3]} 56. Ra3 Rxe4 {And now ...Ree2 would win.} 57. Rb8 (57. Rf3+ $142 Rf4 58. Re3) 57... Rxb4 (57... Ree2 $142 {( -> ...e4)} 58. Rxb5 Kg6 59. Rb6+ f6) 58. Rf3+ Rf4 {[%cal Rf4f3] Weighted Error Value: White=0.49/Black=0.25} 0-1

[Event "Caplin British Online-ch Open 2020"]
[Site "Online"]
[Date "2020.12.22"]
[Round "2.3"]
[White "Ghasi, Ameet K"]
[Black "Tanmay Chopra"]
[Result "1-0"]
[WhiteElo "2485"]
[BlackElo "2273"]
[Annotator "TA"]
[PlyCount "59"]
[EventDate "2020.12.21"]
[EventType "swiss"]
[EventCountry "NET"]
[SourceTitle "playchess.com"]
[Source "ChessBase"]
[SourceQuality "1"]

{[%evp 20,59,8,0,13,0,0,-4,10,12,24,0,0,0,0,0,29,21,34,23,29,20,27,27,223,256,285,263,431,346,325,302,670,228,650,620,615,237,298,233,854,840]} 1. Nf3 c5 2. g3 Nc6 3. Bg2 g6 4. O-O Bg7 5. c4 e5 6. Nc3 Nge7 7. a3 a5 8. d3 d6 9. Rb1 O-O 10. Bd2 Rb8 11. Qa4 Be6 {A37: Symmetrical English vs ...g6: 4 Bg2 Bg7 5 Nf3.} 12. Rfc1 h6 {[#]} 13. e3 $146 ({Predecessor:} 13. Qd1 g5 14. h4 f6 15. hxg5 hxg5 16. Ne1 Kf7 17. Nc2 Rh8 18. b4 Qg8 19. Ne4 {1-0 (38) Meier,G (2628)-Firouzja,A (2702) chess24.com INT 2020}) 13... Kh8 {The position is equal.} 14. Nb5 Ra8 15. Bc3 d5 16. cxd5 Nxd5 17. Be1 c4 18. dxc4 ({Of course not} 18. Rxc4 Nb6 $17) 18... Nb6 19. Qc2 Bxc4 {[#]} 20. Rd1 $1 Qe7 21. Nd6 $36 {[%mdl 2048] Black is under pressure.} Ba6 {A mistake that costs the game.} (21... Bd5 $11 {and Black has nothing to worry.}) 22. b4 $1 $18 {[%cal Rb4b5]} Nc8 {[#]} 23. Nxf7+ {[%mdl 512]} Rxf7 $2 (23... Qxf7 24. b5 Bxb5) 24. b5 Bxb5 25. Rxb5 {Strongly threatening Nh4.} g5 {[#]} (25... Nd6) 26. Nd2 $2 (26. Nxe5 $1 {[%mdl 512]} Nxe5 27. Rxb7) 26... Qxa3 $2 (26... Nd6) 27. Bxc6 bxc6 {[#]} 28. Qxc6 (28. Nc4 $1 {[%mdl 512]} Qf8 29. Nxe5) 28... Rfa7 29. Nc4 Ne7 $2 {[#]} (29... Qf8 30. Nxe5 (30. Bxa5 Ne7 $18) 30... Ne7) 30. Qxa8+ $1 {[%mdl 512] Weighted Error Value: White=0.53/Black=0.93} 1-0